• 首页
  • 本馆介绍
  • 公告通知
  • 最新文献
  • 馆藏检索
  • 电子资源
  • 读者导购
  • 参考咨询
  • 我的图书馆
  • 登录
  • 详细信息显示
  • 放入我的书架
  • 预约/预借图书
  • 作者相关作品
  • 分类相关作品
  • 丛书相关作品
  • 出版社相关作品

书目信息

  • 表格格式
  • 工作单格式
  • 卡片格式
题名:
心理学
    
 
作者: 章志光 主编
分册:  
出版信息: 北京   人民教育出版社  1984
页数: 451页
开本: 20cm
丛书名:
单 册:
中图分类: B84
科图分类:
主题词: 心理学
电子资源:
ISBN:
000 00481nam0 2200193 45
001 0181024830
005 20060524085115.23
010    @dCNY2.25
091    @a7012.0844
100    @a20810111d1984 km y0chiy0120 ea
101 0  @achi
200 1  @a心理学@Axin li xue@f章志光主编@FZhang Zhi Guang Zhu Bian
210    @a北京@c人民教育出版社@d1984
215    @a451页@d20cm
606 0  @a心理学
690    @aB84@v3
701  0 @a章志光@4主编
801    @aCN@bTSTC@c20060524
905    @dB84@e104
    
    心理学/章志光主编.-北京:人民教育出版社,1984
    451页;20cm
    
    
    ISBN :CNY2.25
    
●
相关链接 在E读中查询图书 在五车中查询图书 在当当中查询图书 在豆瓣中查询图书


正题名:心理学     索取号:B84/104         预约/预借

序号 登录号 条形码 馆藏地/架位号 状态 备注
1 0133818   000524310   密集书库/ [索取号:B84/104] 在馆    
2 0133822   202382402   密集书库/ [索取号:B84/104] 在馆    
3 0133823   000524276   第一借阅区/ [索取号:B84/104] 在馆    
4 0133825   202133173   密集书库/ [索取号:B84/104] 在馆    
唐山师范学院图书馆 欢迎您!
大连网信软件有限公司© 版权所有